| 000 | 01148nam a2200313 i 4500 | ||
|---|---|---|---|
| 999 |
_c64830 _d64830 |
||
| 001 | 768714001 | ||
| 003 | CO-MdFUSB | ||
| 005 | 20190222093911.0 | ||
| 008 | 190222s2017 miu||||g |||| 00| 0 eng d | ||
| 020 | _a978-0-8254-4479-1 | ||
| 040 |
_aCO-MdFUSB _bspa _cCO-MdFUSB _dCO-MdFUSBC _erda |
||
| 041 |
_aeng _agrc |
||
| 082 |
_224 _aG 485 _bL111h |
||
| 245 | 1 | 4 |
_aThe handy guide to difficult and irregular Greek verbs _b: Aids for reders of the Greek New Testament _c/ Jon C. Laansma & Randall X. Gauthier |
| 264 | 1 |
_aGrand Rapids, Michigan : _bKregel Publications, _c℗[2017] |
|
| 264 | 4 | _c©2017 | |
| 300 |
_a80 páginas _c; 19 cm |
||
| 336 |
_2rdacontent _atexto _btxt |
||
| 337 |
_2rdamedia _asin mediación _bn |
||
| 338 |
_2rdacarrier _avolumen _bnc |
||
| 501 | _aIncluye índice (páginas 73- 80) | ||
| 504 | _aBibliografía (páginas 71- 72) | ||
| 505 | _aLista de frecuencias de partes principales difíciles e irregulares -- Lista alfabética de verbos con sus compuestos | ||
| 653 | _aLengua griega -- gramática | ||
| 720 | _aLaansma, Jon C., | ||
| 720 | _aGauthier, Randall X. | ||
| 942 | _cBK | ||